[Event "Figueres op 10th"]
[Site "Figueres"]
[Date "2009.08.07"]
[Round "8"]
[White "Colls Bosch, Emilio"]
[Black "Baig Falgueras, Marc"]
[Result "1-0"]
[WhiteElo "2011"]
[BlackElo "1712"]
[PlyCount "73"]
[EventDate "2009.08.01"]
[EventType "swiss"]
[EventRounds "9"]
[EventCountry "ESP"]
[SourceTitle "EXT 2010"]
[Source "ChessBase"]
[SourceDate "2010.11.25"]
[SourceVersion "1"]
[SourceVersionDate "2010.11.25"]
[SourceQuality "1"]

1. e4 e5 2. Nf3 f5 3. Nxe5 Nc6 4. Qh5+ g6 5. Nxg6 Nf6 6. Qh3 Rg8 7. Nxf8 Rxf8 8. exf5 Qe7+ 9. Kd1 Ne4 10. Qe3 Rxf5 11. f3 Nf6 12. Qxe7+ Kxe7 13. Bd3 Rg5 14. Re1+ Re5 15. Rxe5+ Nxe5 16. Bf5 d5 17. Bxc8 Rxc8 18. d4 Ng6 19. Bg5 Re8 20. Nc3 c6 21. Kd2 Kf7 22. Re1 Rg8 23. Bxf6 Kxf6 24. g3 h5 25. Ke2 h4 26. Kf2 Rh8 27. Re2 Ne7 28. g4 Ng6 29. Re3 Nf4 30. Ne2 Ne6 31. f4 Rg8 32. Kf3 Ng7 33. g5+ Kf7 34. Kg4 Rh8 35. f5 a6 36. Nf4 Ne8 37. Ng6 1-0